Catalog

Record Details

Catalog Search



Guardians of the Galaxy. Groot. #7 / Dan Abnett, ... Read More

Abnett, Dan,(author.).
Couceiro, Damian,(artist.). Milla, Matt,(artist.). ... Read More

Available copies

  • 2 of 2 copies available at LARL/NWRL Consortium.
  • 2 of 2 copies available at Lake Agassiz Regional Library. (Show preferred library)

Current holds

0 current holds with 2 total copies.

Show Only Available Copies
Location Call Number / Copy Notes Barcode Shelving Location Status Due Date
Crookston Public Library J G ABN (Text) 33500014081079 Main Available -
Detroit Lakes Public Library J G ABN (Text) 33500014081061 Main Available -

Record details

  • ISBN: 9781098254841
  • ISBN: 1098254848
  • Physical Description: 1 volume (unpaged) : chiefly color illustrations ; ... Read More
  • Edition: Reinforced library bound edition.
  • Publisher: Minneapolis, Minnesota : Spotlight, a division of ABDO, 2025.

Content descriptions

General Note:
Groot created by Stan Lee, Larry Lieber & Jack Kirby
Based on material from Marvel Kids.
Summary, etc.:
When Planet X is attacked by a mysterious group ... Read More
Subject: Groot (Fictitious character) > Comic books, strips, etc.
Superheroes > Comic books, strips, etc.
Rescues > Comic books, strips, etc.
Extraterrestrial beings > Comic books, strips, etc.
Genre: Superhero comics.
Graphic novels.
LDR 02278cam a22004697i 4500
001448693
003LARL_NWRL_CONSORTIUM
00520241023143507.0
008240805t20252025mnua j 6 000 0 eng d
040 . ‡aUUC ‡beng ‡erda ‡cUUC ‡dOCLCO
019 . ‡a1454764949
020 . ‡a9781098254841 ‡q(library binding)
020 . ‡a1098254848 ‡q(library binding)
035 . ‡a(OCoLC)1451041001 ‡z(OCoLC)1454764949
1001 . ‡aAbnett, Dan, ‡eauthor. ‡1https://id.oclc.org/worldcat/entity/E39PBJmpc7PFyxCv9c4PQPKWXd ‡0(LARL_NWRL_CONSORTIUM)121302
24510. ‡aGuardians of the Galaxy. ‡pGroot. ‡p#7 / ‡cDan Abnett, writer ; Damian Couceiro, Matt Milla, artist ; VC's Travis Lanham, letterer
2461 . ‡iAt head of title: ‡aMarvel comics presents
24630. ‡aGroot. ‡p#7
250 . ‡aReinforced library bound edition.
264 1. ‡aMinneapolis, Minnesota : ‡bSpotlight, a division of ABDO, ‡c2025.
264 4. ‡c©2025
300 . ‡a1 volume (unpaged) : ‡bchiefly color illustrations ; ‡c27 cm.
336 . ‡atext ‡btxt ‡2rdacontent
336 . ‡astill image ‡bsti ‡2rdacontent
337 . ‡aunmediated ‡bn ‡2rdamedia
338 . ‡avolume ‡bnc ‡2rdacarrier
4900 . ‡aGuardians of the galaxy. Groot ; ‡v7
520 . ‡aWhen Planet X is attacked by a mysterious group called the Spoilers, young Groot and his friends Tweeg and Gleef are kidnapped and flung across the galaxy until they're rescued by Kree Starforce who plan on returning the saplings home.
500 . ‡aGroot created by Stan Lee, Larry Lieber & Jack Kirby
500 . ‡aBased on material from Marvel Kids.
60000. ‡aGroot ‡c(Fictitious character) ‡vComic books, strips, etc.
650 0. ‡aSuperheroes ‡vComic books, strips, etc.
650 0. ‡aRescues ‡vComic books, strips, etc.
650 0. ‡aExtraterrestrial beings ‡vComic books, strips, etc.
655 7. ‡aSuperhero comics. ‡2lcgft
655 7. ‡aGraphic novels. ‡2lcgft
7001 . ‡aCouceiro, Damian, ‡eartist. ‡1https://id.oclc.org/worldcat/entity/E39PCjJjCcdhmxHQ984kJ4HY8y
7001 . ‡aMilla, Matt, ‡eartist. ‡1https://id.oclc.org/worldcat/entity/E39PCjCCcgPCkg7QwD4RfQBvwP
7001 . ‡aLanham, Travis, ‡eletterer. ‡1https://id.oclc.org/worldcat/entity/E39PCjyvyvhQTCtd3KXFRvdVJC ‡0(LARL_NWRL_CONSORTIUM)213107
901 . ‡a448693 ‡bAUTOGEN ‡c448693 ‡tbiblio

Additional Resources